[Event "Warsaw Najdorf Memorial op-A"]
[Site "Warsaw"]
[Date "2022.07.09"]
[Round "1"]
[White "Kulpa, Zuzanna"]
[Black "Basiaga, Sebastian"]
[Result "1/2-1/2"]
[WhiteElo "1985"]
[BlackElo "1770"]
[PlyCount "59"]
[EventDate "2022.07.09"]
[EventType "swiss"]
[EventRounds "9"]
[EventCountry "POL"]
[SourceTitle "CBM 209 Extra"]
[Source "ChessBase"]
[SourceDate "2022.09.30"]
[SourceVersion "1"]
[SourceVersionDate "2022.09.30"]
[SourceQuality "1"]

1. d4 d5 2. c4 c6 3. Nf3 Nf6 4. Nc3 e6 5. Bg5 Be7 6. e3 Nbd7 7. c5 h6 8. Bf4 0-0 9. Bd3 b6 10. b4 a5 11. a3 Nh5 12. Be5 Nhf6 13. 0-0 Nxe5 14. Nxe5 Bd7 15. Qc2 b5 16. f4 Qc7 17. g4 Be8 18. Qg2 Nd7 19. Qh3 f6 20. Ng6 Bxg6 21. Bxg6 Rfb8 22. Qh5 Nf8 23. h4 Nxg6 24. Qxg6 Bf8 25. Ne2 Qf7 26. Qc2 Qb7 27. g5 f5 28. Ng3 hxg5 29. hxg5 g6 30. Qc3 1/2-1/2

[Event "POL-ch Academic (Women)"]
[Site "Chorzow"]
[Date "2022.04.01"]
[Round "2"]
[White "Kulpa, Zuzanna"]
[Black "Antolak, Julia"]
[Result "0-1"]
[WhiteElo "1698"]
[BlackElo "2115"]
[PlyCount "103"]
[EventDate "2022.04.01"]
[EventType "swiss (rapid)"]
[EventRounds "9"]
[EventCountry "POL"]
[SourceTitle "EXT 2024"]
[Source "ChessBase"]
[SourceDate "2023.10.10"]
[SourceVersion "1"]
[SourceVersionDate "2023.10.10"]
[SourceQuality "1"]

1. d4 Nf6 2. c4 c5 3. d5 b5 4. Qc2 bxc4 5. e4 d6 6. Bxc4 g6 7. f4 Bg7 8. Nc3 0-0 9. Nf3 Ba6 10. Bxa6 Nxa6 11. a3 Qb6 12. Na4 Qb7 13. 0-0 Rab8 14. Rb1 e6 15. dxe6 Qxe4 16. Qxe4 Nxe4 17. exf7+ Rxf7 18. Re1 d5 19. Rd1 d4 20. Re1 Nc3 21. Nxc3 dxc3 22. Ne5 Bxe5 23. fxe5 Rfb7 24. Re2 Nc7 25. e6 Kf8 26. Bh6+ Ke8 27. Rf1 cxb2 28. Rf8+ Ke7 29. Rf7+ Kd6 30. Bf4+ Kc6 31. Rxb2 Rxb2 32. Rxc7+ Kd5 33. Rxa7 Rb1+ 34. Kf2 R8b2+ 35. Kg3 Kxe6 36. Rxh7 Rg1 37. Be3 Rgxg2+ 38. Kf3 Rxh2 39. Rxh2 Rxh2 40. Bxc5 Kd5 41. Bb4 Rh3+ 42. Kg4 Rh1 43. Be7 Ke6 44. Bc5 Rc1 45. Bb4 Kf6 46. Kg3 Rc4 47. Bd2 Kf5 48. Bb4 g5 49. Bd6 Rc3+ 50. Kg2 Rd3 51. Bc5 Kg4 52. a4 0-1

[Event "Warsaw Najdorf Memorial op-A"]
[Site "Warsaw"]
[Date "2021.07.10"]
[Round "1"]
[White "Goluch, Piotr"]
[Black "Kulpa, Zuzanna"]
[Result "0-1"]
[WhiteElo "2333"]
[BlackElo "1962"]
[PlyCount "102"]
[EventDate "2021.07.10"]
[EventType "swiss"]
[EventRounds "9"]
[EventCountry "POL"]
[SourceTitle "EXT 2022"]
[Source "ChessBase"]
[SourceDate "2021.10.06"]
[SourceVersion "1"]
[SourceVersionDate "2021.10.06"]
[SourceQuality "1"]

1. d4 d5 2. c4 c6 3. Nc3 Nf6 4. Nf3 dxc4 5. a4 Bf5 6. e3 e6 7. Bxc4 Bb4 8. 0-0 0-0 9. Ne5 Nbd7 10. Nd3 Qe7 11. a5 e5 12. Nxb4 Qxb4 13. Ra4 Qe7 14. Be2 Rfd8 15. Qb3 b6 16. Bf3 e4 17. Be2 b5 18. Ra1 a6 19. Rd1 c5 20. Nd5 Qe6 21. Nxf6+ Qxf6 22. Bd2 Qg6 23. Qa3 Rac8 24. dxc5 Nxc5 25. Bc3 Nd3 26. Rd2 Bh3 27. g3 Qf5 28. Bf1 Bxf1 29. Rxf1 b4 30. Bxb4 Ne5 31. Rxd8+ Rxd8 32. f4 exf3 33. Qb3 Nd3 34. Qc4 Qh3 35. Rxf3 Ne5 36. Qf1 Nxf3+ 37. Qxf3 h6 38. Bc3 Qe6 39. Bd4 Rd5 40. b4 Rf5 41. Qa8+ Kh7 42. e4 Rh5 43. e5 Qg4 44. Bf2 Qd1+ 45. Kg2 Qe2 46. Qa7 Rf5 47. h3 Qf3+ 48. Kg1 Rxe5 49. Qxa6 Re2 50. Qa7 Rd2 51. Qe7 Qxf2+ 0-1

[Event "POL-ch U20 Girls"]
[Site "Pokrzywna"]
[Date "2020.12.06"]
[Round "9"]
[White "Budkiewicz, Magdalena"]
[Black "Kulpa, Zuzanna"]
[Result "1-0"]
[WhiteElo "1672"]
[BlackElo "1806"]
[PlyCount "63"]
[EventDate "2020.11.30"]
[EventType "swiss"]
[EventRounds "9"]
[EventCountry "POL"]
[SourceTitle "CBM 199 Extra"]
[Source "ChessBase"]
[SourceDate "2021.01.31"]
[SourceVersion "1"]
[SourceVersionDate "2021.01.31"]
[SourceQuality "1"]

1. e4 e5 2. Nf3 Nc6 3. Nc3 Nf6 4. d4 exd4 5. Nxd4 Bb4 6. Nxc6 bxc6 7. Bd3 d5 8. exd5 cxd5 9. 0-0 0-0 10. Qf3 h6 11. h3 c6 12. Bf4 Bd6 13. Ne2 Re8 14. Rad1 Be6 15. Rfe1 Bxf4 16. Nxf4 Qb6 17. b3 c5 18. Nh5 Nxh5 19. Qxh5 Rad8 20. Bf5 g6 21. Bxg6 fxg6 22. Qxg6+ Kf8 23. Qxh6+ Ke7 24. Re5 Rd6 25. Rde1 Kd7 26. Qg6 Rf8 27. R1e2 c4 28. h4 cxb3 29. axb3 Ke7 30. h5 Rg8 31. Qh7+ Kf8 32. Rf5+ 1-0

[Event "POL-ch U20 Girls"]
[Site "Pokrzywna"]
[Date "2020.11.30"]
[Round "1"]
[White "Dylag, Emilia"]
[Black "Kulpa, Zuzanna"]
[Result "1/2-1/2"]
[WhiteElo "2082"]
[BlackElo "1806"]
[PlyCount "77"]
[EventDate "2020.11.30"]
[EventType "swiss"]
[EventRounds "9"]
[EventCountry "POL"]
[SourceTitle "CBM 199 Extra"]
[Source "ChessBase"]
[SourceDate "2021.01.31"]
[SourceVersion "1"]
[SourceVersionDate "2021.01.31"]
[SourceQuality "1"]

1. d4 Nf6 2. c4 e6 3. Nc3 Bb4 4. a3 Bxc3+ 5. bxc3 b6 6. f3 d6 7. e4 Nc6 8. Bg5 h6 9. Bh4 e5 10. Ne2 0-0 11. Nc1 Na5 12. Bd3 Ba6 13. Nb3 Nxb3 14. Qxb3 c5 15. d5 g5 16. Bf2 Nh5 17. g3 Bc8 18. Qd1 Ng7 19. g4 f6 20. Qd2 Kf7 21. h3 Bd7 22. a4 a5 23. Ke2 Rh8 24. Bc2 h5 25. Be3 Qc8 26. Kd3 h4 27. Rhb1 Rb8 28. Rb2 Qc7 29. Qc1 Rb7 30. Rab1 Qd8 31. Ra1 Rg8 32. Ra3 Rh8 33. Qb1 Qc7 34. Rab3 Rhb8 35. Ra3 Qd8 36. Qc1 Ne8 37. Ra1 Nc7 38. Rab1 Na8 39. Qd2 1/2-1/2

[Event "Katowice POL-HUN rapid 8th"]
[Site "Katowice"]
[Date "2020.09.13"]
[Round "2.5"]
[White "Klekowski, Maciej"]
[Black "Kulpa, Zuzanna"]
[Result "1-0"]
[WhiteElo "2511"]
[BlackElo "1806"]
[PlyCount "71"]
[EventDate "2020.09.13"]
[EventType "swiss (rapid)"]
[EventRounds "9"]
[EventCountry "POL"]
[SourceTitle "CBM 198 Extra"]
[Source "ChessBase"]
[SourceDate "2020.11.30"]
[SourceVersion "1"]
[SourceVersionDate "2020.11.30"]
[SourceQuality "1"]

1. c4 c5 2. Nc3 Nf6 3. Nf3 d5 4. cxd5 Nxd5 5. g3 Nc6 6. Bg2 Nc7 7. 0-0 e5 8. d3 Be7 9. Nd2 0-0 10. Nc4 f6 11. a4 Be6 12. a5 Qd7 13. Qa4 Rab8 14. f4 Nd5 15. Bd2 exf4 16. gxf4 Nxc3 17. bxc3 Bh3 18. Ne3 Bxg2 19. Kxg2 b6 20. axb6 axb6 21. Rab1 Qb7 22. Rf3 b5 23. Qe4 Nd8 24. Nd5 Bd6 25. f5 Nf7 26. c4 b4 27. Rh3 h6 28. Kf2 Ng5 29. Bxg5 fxg5 30. Qe6+ Qf7 31. Qxd6 Qxf5+ 32. Rf3 Qg4 33. Ne7+ Kh7 34. Ng6 Rxf3+ 35. exf3 Qh5 36. Qxb8 1-0

[Event "POL-ch U20 (Women)"]
[Site "Ustron"]
[Date "2019.11.30"]
[Round "9"]
[White "Kulpa, Zuzanna"]
[Black "Dwilewicz, Katarzyna"]
[Result "1/2-1/2"]
[WhiteElo "1878"]
[BlackElo "2100"]
[PlyCount "177"]
[EventDate "2019.11.23"]
[EventType "swiss"]
[EventRounds "9"]
[EventCountry "POL"]
[SourceTitle "CBM 193 Extra"]
[Source "ChessBase"]
[SourceDate "2020.01.31"]
[SourceVersion "1"]
[SourceVersionDate "2020.01.31"]
[SourceQuality "1"]

1. e4 e5 2. Nf3 Nc6 3. Bb5 a6 4. Ba4 Nf6 5. 0-0 b5 6. Bb3 Bc5 7. d3 d6 8. a3 h6 9. h3 g5 10. Nh2 Rg8 11. c3 g4 12. hxg4 Nxg4 13. Qf3 Qf6 14. Bd5 Bd7 15. b4 Bb6 16. a4 Qxf3 17. Nxf3 Ke7 18. axb5 axb5 19. Rxa8 Rxa8 20. Na3 h5 21. Bg5+ f6 22. Bc1 Rb8 23. Nc2 Nd8 24. Nh4 c6 25. Bb3 Be6 26. Bxe6 Nxe6 27. Nf5+ Kd7 28. g3 Ra8 29. Ba3 Rg8 30. d4 Kc7 31. f3 exd4 32. fxg4 dxc3+ 33. Kh2 Rxg4 34. Rf3 Rxe4 35. Rxc3 Re2+ 36. Kh1 Rf2 37. Nce3 Kd7 38. Kg1 Ra2 39. Bc1 Nd4 40. Nxd4 Bxd4 41. Rd3 c5 42. bxc5 Bxc5 43. Rd1 b4 44. Kf1 b3 45. Nc4 Rf2+ 46. Ke1 Rc2 47. Ne3 Bb4+ 48. Kf1 b2 49. Bxb2 Rxb2 50. Nd5 Ke6 51. Nf4+ Kf5 52. Nxh5 Rd2 53. Rxd2 Bxd2 54. Ke2 Bh6 55. g4+ Ke5 56. Kd3 d5 57. Ng3 Bg5 58. Ne2 Bh4 59. Ke3 Bg5+ 60. Kd3 Bh6 61. Ng3 Bc1 62. Ne2 Bg5 63. Ng1 Kf4 64. Kd4 Kxg4 65. Kxd5 Be3 66. Ne2 f5 67. Ke5 Bh6 68. Kd4 Bg7+ 69. Ke3 Be5 70. Kf2 Bc7 71. Kf1 Bb6 72. Nc3 Kf3 73. Ne2 Bc5 74. Nc1 Ke3 75. Ne2 Bd6 76. Nc3 Be5 77. Ne2 Bh2 78. Nc3 Kf3 79. Ne2 Ke3 80. Nc3 Be5 81. Ne2 Kf3 82. Ng1+ Ke4 83. Ke2 f4 84. Nf3 Bf6 85. Nd2+ Kf5 86. Kf3 Bd4 87. Nf1 Bg1 88. Ng3+ fxg3 89. Kxg3 1/2-1/2

[Event "POL-ch U20 (Women)"]
[Site "Ustron"]
[Date "2019.11.28"]
[Round "7"]
[White "Antolak, Julia"]
[Black "Kulpa, Zuzanna"]
[Result "1/2-1/2"]
[WhiteElo "2249"]
[BlackElo "1878"]
[PlyCount "79"]
[EventDate "2019.11.23"]
[EventType "swiss"]
[EventRounds "9"]
[EventCountry "POL"]
[SourceTitle "CBM 193 Extra"]
[Source "ChessBase"]
[SourceDate "2020.01.31"]
[SourceVersion "1"]
[SourceVersionDate "2020.01.31"]
[SourceQuality "1"]

1. e4 e5 2. Nf3 Nc6 3. Bb5 a6 4. Ba4 Nf6 5. 0-0 Be7 6. Re1 b5 7. Bb3 d6 8. c3 0-0 9. h3 Na5 10. Bc2 c5 11. d4 Qc7 12. Nbd2 Bd7 13. Nf1 Nc4 14. d5 Rfe8 15. Ng3 Rac8 16. Nh2 Ra8 17. Rf1 a5 18. a4 Reb8 19. Bd3 Nb6 20. Bxb5 Bxb5 21. axb5 c4 22. f4 Nbd7 23. Nf5 Bf8 24. fxe5 Nxe5 25. Nd4 Nxe4 26. Qe1 Nf6 27. Rxf6 gxf6 28. Qh4 Ng6 29. Qh5 Kh8 30. Ng4 Bg7 31. Nf5 Rg8 32. Bh6 Bxh6 33. Qxh6 Qd8 34. Rf1 Nf8 35. Qf4 Ng6 36. Qh6 Nf8 37. Qf4 Ng6 38. Qd4 Ne5 39. Nfh6 Rg6 40. Kh1 1/2-1/2

[Event "POL-ch U20 (Women)"]
[Site "Ustron"]
[Date "2019.11.23"]
[Round "1"]
[White "Kulpa, Zuzanna"]
[Black "Kubicka, Anna"]
[Result "0-1"]
[WhiteElo "1878"]
[BlackElo "2221"]
[PlyCount "108"]
[EventDate "2019.11.23"]
[EventType "swiss"]
[EventRounds "9"]
[EventCountry "POL"]
[SourceTitle "CBM 193 Extra"]
[Source "ChessBase"]
[SourceDate "2020.01.31"]
[SourceVersion "1"]
[SourceVersionDate "2020.01.31"]
[SourceQuality "1"]

1. d4 d6 2. e4 Nf6 3. Nc3 g6 4. g3 Bg7 5. Bg2 0-0 6. Nge2 e5 7. h3 Nc6 8. Be3 exd4 9. Nxd4 Re8 10. 0-0 Bd7 11. Nde2 Ne5 12. g4 Nc4 13. Bc1 Bc6 14. Ng3 Nd7 15. Rb1 Nc5 16. Nd5 Nb6 17. b3 Bxd5 18. exd5 a5 19. f4 Nbd7 20. Qf3 Qf6 21. Bb2 Qe7 22. Bxg7 Kxg7 23. Qc3+ Qf6 24. Qd2 Kg8 25. g5 Qg7 26. f5 Qe5 27. Kh2 Qe3 28. Rbd1 Qxd2 29. Rxd2 Re5 30. Rdf2 Rae8 31. h4 Re3 32. a3 Ne5 33. Rf4 b6 34. b4 Ncd7 35. fxg6 fxg6 36. bxa5 bxa5 37. a4 Rf8 38. Rxf8+ Nxf8 39. Rb1 Rc3 40. Rb2 Ng4+ 41. Kh3 Nf2+ 42. Kh2 Nd7 43. Ne2 Ng4+ 44. Kg1 Rc4 45. Bh3 Nb6 46. Kg2 Rxa4 47. Nc3 Rc4 48. Nb5 Ne3+ 49. Kf3 Nexd5 50. Ra2 a4 51. c3 Kg7 52. Be6 Rc5 53. Kg3 Nxc3 54. Rf2 Ne4+ 0-1

[Event "EU-ch U18 Girls"]
[Site "Bratislava"]
[Date "2019.08.04"]
[Round "3"]
[White "Kulpa, Zuzanna"]
[Black "Sankova, Stella"]
[Result "0-1"]
[WhiteElo "1747"]
[BlackElo "2048"]
[PlyCount "89"]
[EventDate "2019.08.02"]
[EventType "swiss"]
[EventRounds "9"]
[EventCountry "SVK"]
[SourceTitle "CBM 191 Extra"]
[Source "ChessBase"]
[SourceDate "2019.09.30"]
[SourceVersion "1"]
[SourceVersionDate "2019.09.30"]
[SourceQuality "1"]

1. d4 Nf6 2. c4 e6 3. Nf3 d5 4. Nc3 Bb4 5. cxd5 exd5 6. Qa4+ Nc6 7. Bg5 Bd7 8. Qb3 0-0 9. e3 Re8 10. Bxf6 Qxf6 11. Qxd5 Rad8 12. Be2 Bh3 13. Qg5 Qxg5 14. Nxg5 Bxg2 15. Rg1 Bd5 16. a3 Nxd4 17. Bd1 Bxc3+ 18. bxc3 Nb3 19. Rb1 Nc5 20. Bc2 h6 21. Nh3 Bc4 22. Nf4 Kf8 23. Rb4 b5 24. Rb1 a6 25. Ne2 Bd3 26. Rc1 Bxc2 27. Rxc2 Nd3+ 28. Kf1 Ne5 29. Kg2 Rd6 30. Nd4 Red8 31. f4 Nc4 32. Kf3 g6 33. Ra1 c5 34. Nb3 Nd2+ 35. Nxd2 Rxd2 36. Raa2 Rxc2 37. Rxc2 Rd3 38. Ke2 c4 39. a4 bxa4 40. Ra2 Rxc3 41. Rxa4 Rc2+ 42. Kd1 Rxh2 43. Rxa6 c3 44. Rc6 c2+ 45. Rxc2 0-1

[Event "EU-ch U16 Girls 28th"]
[Site "Riga"]
[Date "2018.08.22"]
[Round "3"]
[White "Nestorovic, Katarina"]
[Black "Kulpa, Zuzanna"]
[Result "1-0"]
[WhiteElo "1995"]
[BlackElo "1731"]
[PlyCount "49"]
[EventDate "2018.08.20"]
[EventType "swiss"]
[EventRounds "9"]
[EventCountry "LAT"]
[SourceTitle "CBM 186 Extra"]
[Source "ChessBase"]
[SourceDate "2018.08.24"]
[SourceVersion "1"]
[SourceVersionDate "2018.08.24"]
[SourceQuality "1"]

1. e4 e5 2. Nf3 Nc6 3. Nc3 Nf6 4. d4 exd4 5. Nxd4 Bb4 6. Nxc6 bxc6 7. Bd3 d5 8. exd5 cxd5 9. 0-0 0-0 10. h3 Re8 11. Qf3 c6 12. Bf4 Qe7 13. Ne2 Bd6 14. Nd4 Qc7 15. Bg5 Be5 16. c3 Bd7 17. Rfe1 Rab8 18. Nb3 Qd6 19. Be3 Qc7 20. Re2 Ne4 21. Rae1 Re6 22. Bxe4 dxe4 23. Qh5 g6 24. Qh4 Rbe8 25. Nc5 1-0

[Event "EU-ch U16 Girls 28th"]
[Site "Riga"]
[Date "2018.08.20"]
[Round "1"]
[White "Jarocka, Liwia"]
[Black "Kulpa, Zuzanna"]
[Result "0-1"]
[WhiteElo "2013"]
[BlackElo "1731"]
[PlyCount "117"]
[EventDate "2018.08.20"]
[EventType "swiss"]
[EventRounds "9"]
[EventCountry "LAT"]
[SourceTitle "CBM 186 Extra"]
[Source "ChessBase"]
[SourceDate "2018.08.24"]
[SourceVersion "1"]
[SourceVersionDate "2018.08.24"]
[SourceQuality "1"]

1. e4 e5 2. Nf3 Nc6 3. Bb5 a6 4. Ba4 Nf6 5. 0-0 Be7 6. Re1 b5 7. Bb3 d6 8. c3 0-0 9. h3 Na5 10. Bc2 c5 11. d4 Qc7 12. Nbd2 Bd7 13. Nf1 Rfc8 14. Re2 Nc4 15. d5 Bf8 16. a4 Nb6 17. Bg5 Ne8 18. axb5 axb5 19. Rxa8 Rxa8 20. b3 c4 21. b4 Ra3 22. Bc1 Rxc3 23. Bb2 Rxf3 24. gxf3 Bxh3 25. Ng3 Qe7 26. Qd2 Qf6 27. Qe3 Nd7 28. Bc1 Be7 29. Re1 Qh4 30. f4 h6 31. Bd1 Nef6 32. Qf3 Bg4 33. Qh1 Qxh1+ 34. Kxh1 exf4 35. Bxf4 g5 36. Be3 Ne5 37. Bxg4 Nfxg4 38. Nf5 Bf8 39. Ra1 Nd3 40. Kg2 Nxb4 41. Ra8 Nxe3+ 42. fxe3 c3 43. Rc8 c2 44. Nd4 Kh7 45. Nxc2 Nxc2 46. Rxf8 Kg7 47. Rb8 Nxe3+ 48. Kf2 Ng4+ 49. Kg3 Nf6 50. Kf3 h5 51. Rxb5 g4+ 52. Kf4 h4 53. Rb1 h3 54. Kg3 Nxe4+ 55. Kxg4 h2 56. Kh3 h1Q+ 57. Rxh1 Nf2+ 58. Kg2 Nxh1 59. Kxh1 0-1

[Event "POL-chT U20"]
[Site "Suchedniow"]
[Date "2016.07.30"]
[Round "8.24"]
[White "Malicka, Maria"]
[Black "Kulpa, Zuzanna"]
[Result "1-0"]
[WhiteElo "1938"]
[BlackElo "1615"]
[PlyCount "101"]
[EventDate "2016.07.23"]
[EventType "team-tourn"]
[EventRounds "9"]
[EventCountry "POL"]
[SourceTitle "EXT 2019"]
[Source "ChessBase"]
[SourceDate "2018.10.10"]
[SourceVersion "1"]
[SourceVersionDate "2018.10.10"]
[SourceQuality "1"]

1. e4 e5 2. Nf3 Nc6 3. Bc4 Bc5 4. 0-0 Nf6 5. d3 0-0 6. Nbd2 d5 7. exd5 Nxd5 8. Re1 Bg4 9. h3 Bh5 10. Nb3 Bb6 11. g4 Bg6 12. Nxe5 Nxe5 13. Rxe5 c6 14. Bxd5 cxd5 15. Qf3 Qc7 16. Re2 Qd7 17. Bf4 Rae8 18. Rae1 Rxe2 19. Qxe2 f5 20. g5 Re8 21. Qd2 Bh5 22. d4 Re4 23. Rxe4 fxe4 24. Qc3 Bf3 25. Kh2 Qf5 26. Qe3 Kf7 27. Be5 Qxe5+ 28. dxe5 Bxe3 29. fxe3 Ke6 30. Nc5+ Kxe5 31. Nxb7 Kf5 32. c3 Kxg5 33. Nd6 Kf6 34. Ne8+ Ke6 35. Nxg7+ Kd6 36. Nf5+ Kc5 37. Nd4 Bh5 38. b3 a5 39. Kg3 Be8 40. Kf4 Bd7 41. h4 h5 42. Nf5 a4 43. Ke5 a3 44. Nd4 Bg4 45. Nc2 Be2 46. Nxa3 Bd3 47. b4+ Kc6 48. Kd4 Kd6 49. c4 dxc4 50. Nxc4+ Kc7 51. Kc5 1-0

[Event "POL-chT U20"]
[Site "Suchedniow"]
[Date "2016.07.29"]
[Round "7.12"]
[White "Kulpa, Zuzanna"]
[Black "Harazinska, Magdalena"]
[Result "0-1"]
[WhiteElo "1615"]
[BlackElo "1811"]
[PlyCount "70"]
[EventDate "2016.07.23"]
[EventType "team-tourn"]
[EventRounds "9"]
[EventCountry "POL"]
[SourceTitle "EXT 2019"]
[Source "ChessBase"]
[SourceDate "2018.10.10"]
[SourceVersion "1"]
[SourceVersionDate "2018.10.10"]
[SourceQuality "1"]

1. d4 d5 2. Nf3 Nf6 3. c4 dxc4 4. Qa4+ c6 5. Qxc4 Bf5 6. Nc3 e6 7. Bg5 Be7 8. e3 Nbd7 9. Be2 0-0 10. 0-0 h6 11. Bh4 Rc8 12. Qb3 Nb6 13. Rac1 Ne4 14. Bxe7 Qxe7 15. Ne5 Nd2 16. Qd1 Nxf1 17. Bxf1 Rfd8 18. Qf3 c5 19. Ne2 cxd4 20. Rxc8 Rxc8 21. Nxd4 Bb1 22. Qd1 Bxa2 23. b3 Qc5 24. Nc4 Nd5 25. Qa1 Nb4 26. Qb2 b5 27. Na5 a6 28. Qa3 Qc3 29. Nac6 Nxc6 30. Nxc6 Rxc6 31. Qxa2 Qe1 32. Qe2 Qxe2 33. Bxe2 Rc1+ 34. Bf1 a5 35. f3 a4 0-1

[Event "POL-chT U20"]
[Site "Suchedniow"]
[Date "2016.07.24"]
[Round "2.24"]
[White "Kulpa, Zuzanna"]
[Black "Czarniecka, Aleksandra"]
[Result "1-0"]
[WhiteElo "1615"]
[BlackElo "1631"]
[PlyCount "97"]
[EventDate "2016.07.23"]
[EventType "team-tourn"]
[EventRounds "9"]
[EventCountry "POL"]
[SourceTitle "EXT 2019"]
[Source "ChessBase"]
[SourceDate "2018.10.10"]
[SourceVersion "1"]
[SourceVersionDate "2018.10.10"]
[SourceQuality "1"]

1. d4 Nf6 2. g3 g6 3. Bg2 Bg7 4. e4 d6 5. Nc3 0-0 6. Nge2 c5 7. d5 Na6 8. 0-0 Nc7 9. a4 a6 10. h3 e6 11. Nf4 e5 12. Nfe2 Nfe8 13. f4 exf4 14. Nxf4 Bd7 15. a5 Bb5 16. Nxb5 Nxb5 17. c3 Nf6 18. g4 Nd7 19. Ne2 Ne5 20. Nf4 Nc7 21. Nd3 Nxd3 22. Qxd3 h6 23. Bf4 Kh7 24. Qg3 Ne8 25. h4 g5 26. hxg5 hxg5 27. Qh3+ Kg8 28. Be3 f6 29. Qh5 Nc7 30. Rf3 Qe8 31. Qh2 Qe7 32. Rf5 Rf7 33. c4 Bh8 34. Qg3 Rb8 35. Qf2 Rh7 36. e5 fxe5 37. Bxg5 Qe8 38. Rf1 e4 39. Bxe4 Bd4 40. Be3 Bxe3 41. Qxe3 Rg7 42. Qf4 Qe7 43. Rf6 Rd8 44. Re1 Qd7 45. Bf5 Qa4 46. Rxd6 Rf8 47. Rf1 Re8 48. Rg6 Ree7 49. d6 1-0

[Event "POL-chT U19 46th"]
[Site "Ustron"]
[Date "2015.08.01"]
[Round "8.12"]
[White "Dylag, Emilia"]
[Black "Kulpa, Zuzanna"]
[Result "1-0"]
[WhiteElo "1602"]
[BlackElo "1589"]
[PlyCount "121"]
[EventDate "2015.07.25"]
[EventType "team-tourn"]
[EventRounds "9"]
[EventCountry "POL"]
[SourceTitle "EXT 2018"]
[Source "ChessBase"]
[SourceDate "2017.10.13"]
[SourceVersion "1"]
[SourceVersionDate "2017.10.13"]
[SourceQuality "1"]
[WhiteTeam "Krakow KKSz U19"]
[BlackTeam "Katowice Hetman Szopienice U19"]
[WhiteTeamCountry "POL"]
[BlackTeamCountry "POL"]

1. d4 c5 2. e3 g6 3. Nf3 Bg7 4. Be2 d5 5. b3 Nc6 6. Bb2 Bg4 7. Nbd2 cxd4 8. exd4 Qb6 9. c3 Nf6 10. 0-0 0-0 11. Re1 Rac8 12. h3 Bxf3 13. Bxf3 e6 14. Nf1 a6 15. Ne3 Na7 16. Ba3 Rfe8 17. Bc5 Qc7 18. Bxa7 b6 19. Bxb6 Qxb6 20. Rc1 Nd7 21. Re2 Rc7 22. Nxd5 Qd6 23. Nxc7 Qxc7 24. c4 Rd8 25. Rcc2 Ne5 26. Red2 Nxf3+ 27. Qxf3 Bxd4 28. Qe4 e5 29. Rc1 Qa5 30. Rdc2 Qc5 31. Qb7 a5 32. Qb5 Rd6 33. Rd2 Rf6 34. Qxc5 Bxc5 35. Rd8+ Kg7 36. Rc2 Rc6 37. Rcd2 Bd4 38. R2xd4 exd4 39. Rxd4 Kf6 40. Rd5 Ra6 41. Kf1 Ke6 42. Ke2 a4 43. b4 Rb6 44. a3 Rc6 45. Kd3 f5 46. f4 h6 47. Ra5 Rd6+ 48. Ke3 Rd1 49. Rxa4 Re1+ 50. Kf3 Rc1 51. Ra6+ Kf7 52. c5 Rc3+ 53. Kf2 Rc4 54. Ke3 Rc2 55. g4 Rc3+ 56. Kd4 Rf3 57. gxf5 Rxf4+ 58. Ke3 Rxf5 59. Rd6 Re5+ 60. Kd4 Re1 61. c6 1-0